Normale Ansicht MARC-Ansicht ISBD

Ode an Oma - ein Lied und seine Geschichte. (Titelsatznr. 372474)

[ MARC ]
MARC-Details
000 -Satzkennung
Kontrollfeld mit fester Länge 00755nab a2200193 4500
001 - Kontrollnummer
Kontrollfeld 244442
003 - Kontrollnummer Identifier
Kontrollfeld OSt
005 - Datum und Zeit der letzten Transaktion
Kontrollfeld 20230531075752.0
007 - Feld mit fester Länge zur physischen Beschreibung - Allgemeine Information
Kontrollfeld mit fester Länge tu
008 - Feld mit fester Länge zur physischen Beschreibung - Allgemeine Angaben
Kontrollfeld mit fester Länge 200917s2020|||||||
040 ## - Katalogisierungsquelle
Original-Katalogisierungsstelle DE-2950
Übertragungsstelle DE-2950
245 00 - Titel
Titel Ode an Oma - ein Lied und seine Geschichte.
Zusatz zum Titel Tour. Wer auf Youtube nach Frankfurt (Oder) sucht, findet an erster Stelle das gleichnamige Lied von Bosse. Der Sänger hat darin Kindheitserinnerungen verarbeitet. Gern würde er mal wieder in die Oderstadt kommen - doch die Fans müssen warten /
Verfasserangabe etc. Selim Pekel
264 ## - Produktion, Veröffentlichung, Distribution, Herstellung und Urheberrechtsvermerk
Datum der Herstellung, der Veröffentlichung, des Vertriebs oder des Urheberschutzvermerks 2023
653 ## - Indexierungsterm - Nicht normiert
Nicht-normierter Term Frankfurt (Oder)
653 ## - Indexierungsterm - Nicht normiert
Nicht-normierter Term Song
653 ## - Indexierungsterm - Nicht normiert
Nicht-normierter Term Bosse, Axel; Sänger
773 0# - Übergeordnete Einheit
Verknüpfungsangaben 34. Jahrgang (2023) Nr. 114 vom 17.05.2023, S. 15: mit Foto
Titel Märkische Oderzeitung
942 ## - Zusätzliche Felder (Koha)
Klassifikation oder Aufstellungssystematik Andere/Generische Klassifikation
Koha-Medientyp Aufsätze
Exemplare
Ausgeschieden Verloren Klassifikation oder Aufstellungssystematik Beschädigt Nicht entleihbar Heimatbibliothek Aufenthaltsbibliothek Aufstellungsort Erwerbungsdatum Anzahl Ausleihen Signatur Letzte Aktivität Preis gültig von Koha-Medientyp
    Andere/Generische Klassifikation     Stadtarchiv Frankfurt (Oder) | Archivbibliothek Stadtarchiv Frankfurt (Oder) | Archivbibliothek Magazin 17/05/2023   Z2 17/05/2023 17/05/2023 Aufsätze